| 000 | 01135cac a2200349 i 4500 | ||
|---|---|---|---|
| 003 | EG-GICUC | ||
| 005 | 20260121101452.0 | ||
| 008 | 210423t1999 mnu fr 000 u eng d | ||
| 020 |
_a0314211195 _q(hardback) |
||
| 020 | _a9780314211194 | ||
| 040 |
_aEG-GICUC _beng _cEG-GICUC _erda _dEG-GICUC |
||
| 043 | _an-us--- | ||
| 082 | 0 | 4 |
_221 _a343.3073 |
| 092 | 0 | 4 | _221 |
| 099 | _aLaw 10 1999 | ||
| 100 | 1 |
_aDressler, Joshua, _eauthor. |
|
| 245 | 1 | 0 |
_aCriminal procedure : _bprinciples, policies, and perspectives / _cby Joshua Dressler, George C. Thomas III. |
| 264 | 1 | _c[2020] | |
| 264 | 4 |
_aSt. Paul, MN : _bWest Group. _c1999. |
|
| 300 |
_axxxiii, 1423 pages ; _c26 cm |
||
| 336 |
_atext _btxt _2rdacontent |
||
| 337 |
_aunmediated _bn _2rdamedia |
||
| 338 |
_avolume _bnc _2rdacarrier |
||
| 490 | 0 | _aAmerican casebook series | |
| 500 | _aIncludes index. | ||
| 650 | 0 |
_aCriminal procedure _zUnited States. |
|
| 655 | 7 |
_aCasebooks (Law) _2lcgft |
|
| 700 | 1 |
_aThomas, George C. _q(George Conner), _d1947- _eauthor. |
|
| 856 | 4 | 0 | _uhttps://fll.law.cu.edu.eg/fulltext/bks/ENGB10-00023.pdf |
| 905 | _a10 | ||
| 942 |
_2ddc _cBK _e21 _n0 |
||
| 999 |
_c49814 _d49814 |
||